Statistiken für Verbundene Länder auf der Weltkarte #2

Klicken Sie hier um das Quiz zu spielen!

Allgemein

  • Dieses Quiz wurde 25.218 mal gespielt
  • Das Durchschnittsergebnis liegt bei 16 aus 23

Antworten auf der Karte

Die Antworten werden auf der Karte rot bzw. grün angezeigt, abhängig davon wie oft sie richtig erraten wurden.
 

Antwortstatistiken

Land% Korrekt
Russland
99%
Deutschland
97%
Finnland
97%
Frankreich
97%
Schweden
97%
Spanien
97%
Dänemark
96%
Marokko
90%
Mali
72%
Luxemburg
71%
Nordkorea
71%
Südkorea
70%
Nigeria
68%
Mauretanien
67%
Kamerun
55%
Benin
51%
Burkina Faso
49%
Kenia
47%
Zentralafrikanische Republik
46%
Äthiopien
43%
Mosambik
43%
Tansania
43%
Südsudan
39%

Verteilung der Resultate

Perzentil nach korrekt beantworteten Fragen

Anzahl Personen mit jedem Resultat

Ihre Resultats-Entwicklung

Sie haben dieses Quiz noch nicht gespielt